[Event "19th Lviv Tradition 2018"]
[Site "Lviv"]
[Date "2018.01.27"]
[Round "9"]
[White "Kryvoruchko, Vita"]
[Black "Bets, Anatolij"]
[Result "0-1"]
[WhiteElo "2192"]
[BlackElo "2266"]
[Annotator "RC"]
[PlyCount "68"]
[EventDate "2018.??.??"]
[EventType "tourn"]
[EventCountry "UKR"]
[SourceTitle "playchess.com"]
[Source "ChessBase"]
[SourceQuality "1"]
[TimeControl "5400+30"]

1. d4 {[%emt 0:00:00]} Nf6 {[%emt 0:00:59]} 2. c4 {[%emt 0:00:18]} e6 {[%emt 0:00:07]} 3. Nc3 {[%emt 0:00:11]} d5 {[%emt 0:00:14]} 4. cxd5 {[%emt 0:00:15]} Nxd5 {[%emt 0:05:03]} 5. e4 {[%emt 0:00:31]} Nxc3 {[%emt 0:00:03]} 6. bxc3 {[%emt 0:00:05]} c5 {[%emt 0:00:07]} 7. Nf3 {[%emt 0:04:02]} cxd4 {[%emt 0:00:40]} 8. cxd4 {[%emt 0:00:05]} Nc6 {[%emt 0:01:04]} 9. Bc4 {[%emt 0:01:42]} b5 {[%emt 0:00:39]} 10. Bb3 {[%emt 0:00:39]} Bb4+ {[%emt 0:00:26]} 11. Bd2 {[%emt 0:00:04]} Bxd2+ {[%emt 0:06:51]} 12. Qxd2 {[%emt 0:00:02]} O-O {[%emt 0:00:54]} 13. O-O {[%emt 0:00:04]} Na5 {[%emt 0:00:32]} 14. Bc2 {[%emt 0:00:19]} Bb7 {[%emt 0:01:54]} 15. Rad1 {[%emt 0:02:00]} Nc4 {[%emt 0:06:23]} 16. Qf4 {[%emt 0:00:32]} Rc8 {[%emt 0:04:28]} 17. d5 {[%emt 0:02:22]} e5 {[%emt 0:04:03]} 18. Qg4 {[%emt 0:02:24]} Nd6 {[%emt 0:07:16]} 19. Bd3 {[%emt 0:00:54]} f6 {[%emt 0:08:00]} 20. Nh4 {[%emt 0:01:37]} Rc7 {[%emt 0:00:46]} 21. f4 {[%emt 0:03:40]} Bc8 {[%emt 0:06:37]} 22. Qg3 {[%emt 0:01:28]} exf4 {[%emt 0:05:01]} 23. Rxf4 {[%emt 0:02:12]} Re7 {[%emt 0:03:15]} 24. Rdf1 {[%emt 0:08:12]} Kh8 {[%emt 0:09:15]} 25. Kh1 {[%emt 0:34:15]} Rfe8 {[%emt 0:18:06]} 26. e5 {[%emt 0:12:57]} Rxe5 {[%emt 0:02:07]} 27. Ng6+ {[%emt 0:00:05]} hxg6 {[%emt 0:02:23]} 28. Bxg6 {[%emt 0:00:01]} Kg8 {[%emt 0:01:03]} 29. Bxe8 {[%emt 0:02:17]} Qxe8 {[%emt 0:01:43]} 30. Rxf6 {[%emt 0:00:10]} Nf5 {[%emt 0:00:22]} 31. Qg5 {[%emt 0:02:03]} Qe7 {[%emt 0:01:21]} 32. Rg6 {[%emt 0:00:59]} Re1 {[%emt 0:01:49]} 33. Qf4 {[%emt 0:01:14]} Qe4 {[%emt 0:01:10]} 34. Rg4 {[%emt 0:00:30]} Rxf1+ {[%emt 0:00:30]} 0-1